000 00431nam a2200181Ia 4500
001 10223
005 20260306161816.0
008 260306t1985||||xx |||||||||||||| ||spa||
041 _aESP
082 _a909.04924
_bK38 T. 1
100 _aKeller, Werner
_eAUT
245 0 _aHistoria del Pueblo Judío (I)
260 _c1985
300 _a315 páginas :
_c20 cm.
650 _aGEN
654 _aCHU
942 _cLIB
_dJUS
_fJUS
_2ddc
_n
999 _c10223
_d10223